شهر لا مثيل له / (رقم التسجيلة. 135309)

تفاصيل مارك
000 -الفاتح
عناصر البيانات ثابتة الطول 00669cam a2200205 i 4500
005 - تاريخ ووقت آخر معاملة
حقل ضبط 20251210111728.0
008 - عناصر البيانات ثابتة الطول
عناصر البيانات ثابتة الطول 250721s1437 su gr 000 0 ara d
082 14 - رقم تصنيف ديوي العشري
رقم التصنيف 216.23/حسن
100 1# - مدخل رئيسي – اسم شخصي
الاسم الشخصي حسن، علاء الدين
علاقة الشخص بالعمل/ دوره مؤلف.
245 10 - بيان العنوان
العنوان شهر لا مثيل له /
بيان المسؤولية تأليف علاء الدين حسن.
250 ## - بيان الطبعة
بيان الطبعة
264 31 - بيانات النشر، التوزيع…إلخ
مكان النشر، التوزيع...إلخ الرياض :
اسم الناشر، الموزع...إلخ مكتبة الملك فهد،
تاريخ النشر، التوزيع...إلخ 1437.
490 0# - بيان السلسلة
عنوان السلسلة كتاب المجلة العربية
رقم الوعاء في السلسلة 237
650 17 - مدخل إضافي بالموضوع - مصطلح موضوعي
مصطلح موضوعي أو اسم جغرافي كعنصر مدخل رمضان.
650 17 - مدخل إضافي بالموضوع - مصطلح موضوعي
مصطلح موضوعي أو اسم جغرافي كعنصر مدخل الصوم.
650 17 - مدخل إضافي بالموضوع - مصطلح موضوعي
مصطلح موضوعي أو اسم جغرافي كعنصر مدخل الاداب الاسلامية
650 17 - مدخل إضافي بالموضوع - مصطلح موضوعي
مصطلح موضوعي أو اسم جغرافي كعنصر مدخل القيم الاخلاقية.
942 ## - بيانات إضافية (كوها)
نوع التنصيف Dewey Decimal Classification
نوع المادة (كوها) كتب
المقتنيات
حالة السحب حالة الفقدان مصدر التصنيف حالة التلف غير قابل للإعارة المكتبة الرئيسية المكتبة الحالية موقع الرف تاريخ التزويد الرقم المتسلسل Total Checkouts رقم الإستدعاء الباركود تاريخ آخر ظهور تاريخ الفاتورة نوع المادة (كوها)
    Dewey Decimal Classification     المكتبة المركزية المكتبة المركزية الإعارة 28/07/2025 1643078   216.23 / ح س ن PLD00394513 28/07/2025 28/07/2025 كتب
    Dewey Decimal Classification     مكتبة أم قصير والمقابلين العامة مكتبة أم قصير والمقابلين العامة الإعارة 10/10/2016 1643079   216.23/حسن PLD00396297 28/07/2025 10/10/2016 كتب
Implemented & Customized by: BBB with SCIT (Smart Chains for Information Technology)

Powered by Koha